000 00508nam a2200181Ia 4500
003 IN-BaIIA
008 211028s9999 xx 000 0 eng d
020 _a0-19-512664-5
040 _cIIA Library
080 _a524.8
_bSMO
100 _aSmolin, Lee
_923669
245 4 _aThe life of the cosmos
_cLee Smolin
260 _aNew York
_bOxford University Press
_c1997
300 _aviii, 358p.
650 _aCosmology
650 _aUniverse
_91987
942 _cBK
999 _c13500
_d13500